Apología sobre ciertas materias morales en que hay opinión; y Apología de la comunión frecuente / (Record no. 149746)

MARC details
000 -LEADER
campo de control de longitud fija 00731nam a2200193 i 4500
001 - NÚMERO DE CONTROL
campo de control 149746
003 - IDENTIFICADOR DE NÚMERO DE CONTROL
campo de control ES-MaACL
005 - FECHA Y HORA DE LA ÚLTIMA TRANSACCIÓN
campo de control 20230906203235.0
007 - CAMPO FIJO DE DESCRIPCIÓN FÍSICA--INFORMACIÓN GENERAL
campo de control de longitud fija t|
008 - DATOS DE LONGITUD FIJA--INFORMACIÓN GENERAL
campo de control de longitud fija 071024s1963 sp ||||1| spa d
100 1# - ENTRADA PRINCIPAL--NOMBRE DE PERSONA
Nombre de persona Valtanás, Domingo de.
9 (RLIN) 112989
245 10 - MENCIÓN DEL TÍTULO
Título Apología sobre ciertas materias morales en que hay opinión; y Apología de la comunión frecuente /
Mención de responsabilidad, etc. Domingo de Valtanás ; estudio preliminar y edición de Alvaro Huerga y Pedro Sáinz Rodríguez.
260 ## - PUBLICACIÓN, DISTRIBUCIÓN, ETC.
Lugar de publicación, distribución, etc. Barcelona :
Nombre del editor, distribuidor, etc. Flors,
Fecha de publicación, distribución, etc. 1963.
300 ## - DESCRIPCIÓN FÍSICA
Extensión 215 p. ;
Dimensiones 18 cm.
700 1# - ENTRADA AGREGADA--NOMBRE PERSONAL
Nombre de persona Huerga, Álvaro (
Fechas asociadas al nombre 1923-2018)
9 (RLIN) 140640
700 1# - ENTRADA AGREGADA--NOMBRE PERSONAL
Nombre de persona Sainz Rodríguez, Pedro,
Fechas asociadas al nombre 1898-1986
9 (RLIN) 101608
852 ## - LOCALIZACIÓN
Ubicación ES-MaACL
Número de control de estantería B-12290
Sublocalización o colección R.52248
Holdings
Estatus retirado Estado de pérdida Estado de daño No para préstamo Biblioteca de origen Biblioteca actual Ubicación en estantería Fecha de adquisición Fuente de adquisición Total de préstamos Signatura topográfica completa Código de barras Visto por última vez Precio de reemplazo Tipo de ítem Koha
        Biblioteca del Ateneo de Madrid Biblioteca del Ateneo de Madrid Sala Pardo Bazán 17/01/2008     B-12290 1156262 23/02/2023 23/02/2023 Libro impreso